000 01195pam a2200337 a 4500
001 2731
005 20260206103439.0
020 _a0531054764 :
_c$13.95
020 _a0531086267 (lib. bdg.)
020 _a9780590481427
040 _aDLC
_cDLC
_dDLC
_beng
050 0 0 _aPZ7.J629
_bTo 1993
082 0 0 _a813.5
_220
100 1 _aJohnson, Angela
_d1961-
245 1 0 _aToning the sweep /
_cAngela Johnson
250 _aFirst Scholastic paperback printing, August 1994
260 _aNew York :
_bScholastic,
_c1993
300 _a103 pages ;
_c20 cm
500 _a"A Richard Jackson book"--Half title p.
505 _aP
520 _aOn a visit to her grandmother Ola, who is dying of cancer in her house in the desert, fourteen-year-old Emmie hears many stories about the past and her family history and comes to a better understanding of relatives both dead and living.
521 _a760
_bLexile
521 _aP
_bRaz-Plus
650 1 _aGrandmothers
_vFiction.
650 1 _aFamily life
_vFiction.
650 1 _aDeserts
_vFiction.
650 1 _aCancer
_vFiction.
650 1 _aAfrican Americans
_vFiction.
906 _a7
_bcbc
_corignew
_d1
_eocip
_f19
_gy-gencatlg
942 _2ddc
_cBK
_n0
999 _c2731
_d2731